000 00240nam a2200109Ia 4500
008 190913s9999||||xx |||||||||||||| ||und||
100 _aSpiegel,murry R.
245 0 _aStatistics
260 _aUK
_bMcgraw
_c2000
300 _a975
942 _cBK
999 _c8209
_d8209